Cooperación internacional : oportunidades para el mundo universitario /

Guardado en:
Autor Corporativo: Argentina. Secretaría de Políticas Universitarias. Subsecretaría de Programación y Evaluación Universitaria. Area de Cooperación Externa Universitaria.
Formato: Libro
Idioma:Spanish
Publicado: [Buenos Aires] : Ministerio de Cultura y Educación, Secretaría de Políticas Universitarias, Subsecretaría de Programación y Evaluación Universitaria, 1996.
Materias:
Etiquetas: Agregar Etiqueta
Sin Etiquetas, Sea el primero en etiquetar este registro!
LEADER 01121nam a22002055a 4500
001 EIQ.libpla001648
008 960911s1996####ag###########f001#0#spa#d
005 20061211160711.0
245 0 0 |a Cooperación internacional :  |b oportunidades para el mundo universitario /  |c [preparada en el Area de Cooperación Externa Universitaria de la Subsecretaría de Programación y Evaluación Universitaria]. 
260 |a [Buenos Aires] :  |b Ministerio de Cultura y Educación, Secretaría de Políticas Universitarias, Subsecretaría de Programación y Evaluación Universitaria,  |c 1996. 
300 |a 135 p. ;  |c 28 cm. 
500 |a Incluye índice. 
710 1 |a Argentina.  |b Secretaría de Políticas Universitarias.  |b Subsecretaría de Programación y Evaluación Universitaria.  |b Area de Cooperación Externa Universitaria. 
650 4 |a Tecnología  |x Cooperación internacional. 
650 4 |a Educación  |x Políticas universitarias. 
650 4 |a Education  |x University policies. 
650 0 |a Technology  |x International cooperation. 
010 |a  96192918  
040 |a DLC  |c DLC  |d AR-BbSID 
859 |a AR-BbSID  |b BIB. PLAPIQUI  |h 378.4  |i Ar 37  |k R  |p 4413